Head hunters /

Bibliographic Details
Main Author: Hancock, Herbie, 1940-
Corporate Author: Herbie Hancock Group
Format: CD Audio
Published: New York, NY : Columbia/Legacy, ℗1973.
Subjects:

MARC

Tag First Indicator Second Indicator Subfields
LEADER 00000cjm a2200000 a 4500
001 in00001498705
005 20151021085554.0
007 sd fzngnn||||e
008 970522t19971973nyujzn i d
024 1 |a 074646512326 
028 0 2 |a CK 65123  |b Columbia/Legacy 
035 |a (OCoLC)36952334 
035 |9 AJJ9141AM 
040 |a NPC  |c NPC  |d IBZ  |d TXA  |d UtOrBLW 
041 0 |g eng 
049 |a TXAM 
090 |a M1366.H36  |b H43 1997 
092 0 |a 781.65/6  |2 21 
100 1 |a Hancock, Herbie,  |d 1940- 
245 1 0 |a Head hunters /  |c Herbie Hancock. 
264 1 |a New York, NY :  |b Columbia/Legacy,  |c ℗1973. 
264 4 |c ℗1973 
300 |a 1 sound disc :  |b digital ;  |c 4 3/4 in. +  |e booklet (10 pages) 
336 |a performed music  |b prm  |2 rdacontent 
337 |a audio  |b s  |2 rdamedia 
338 |a audio disc  |b sd  |2 rdacarrier 
500 |a Compact disc. 
511 0 |a Herbie Hancock Group (Herbie Hancock, keyboards ; Bennie Maupin, saxophones, saxello, bass clarinet, flute ; Paul Jackson, electric bass, marimbula ; Harvey Mason, drums ; Bill Summers, percussion) 
518 |a Recorded: Wally Heider Studios and Different Fur Trading Co., San Francisco, Fall, 1973. 
538 |a Digitally mastered using Super Bit Mapping. 
500 |a Notes by Hancock dated Dec. 1996 and by Scott Thompson dated Dec. 1992 inserted in container. 
505 0 |a Chameleon (15:41) -- Watermelon man (6:29) -- Sly (10:15) -- Vein melter (9:09). 
500 |a Sound recording. 
650 0 |a Jazz  |y 1971-1980. 
650 0 |a Funk (Music) 
710 2 |a Herbie Hancock Group. 
948 |a c:fp enr. 
999 |a MARS 
999 f f |s 5dd8cd53-3543-323b-b862-3c0c0e05406d  |i 34d2f9f1-9d83-3ea9-8600-de4ef1a576a5  |t 0 
952 f f |p ric  |a Texas A&M University  |b Rellis Campus  |c Joint Library Facility  |d Remote Storage  |t 0  |e M1366.H36 H43 1997  |h Library of Congress classification  |i audio -- audio disc  |m A14825122418 
998 f f |a M1366.H36 H43 1997  |t 0  |l Remote Storage